Adivina cuanto te quiero / (Record no. 16147)

MARC details
000 -LEADER
fixed length control field 01123nam a2200301 a 4500
001 - CONTROL NUMBER
control field sjds170072
003 - CONTROL NUMBER IDENTIFIER
control field SJDS
005 - DATE AND TIME OF LATEST TRANSACTION
control field 20240317212324.0
008 - FIXED-LENGTH DATA ELEMENTS--GENERAL INFORMATION
fixed length control field 040508s1994 sp a j 000 1 spa d
020 ## - INTERNATIONAL STANDARD BOOK NUMBER
International Standard Book Number 9788416126491 (pbk.)
020 ## - INTERNATIONAL STANDARD BOOK NUMBER
International Standard Book Number 9788488342157 (pbk.)
020 ## - INTERNATIONAL STANDARD BOOK NUMBER
International Standard Book Number 9788488342152 (pbk.)
040 ## - CATALOGING SOURCE
Original cataloging agency PWmBRO
Transcribing agency SJDS
041 1# - LANGUAGE CODE
Language code of text/sound track or separate title spa
Language code of original eng
100 1# - MAIN ENTRY--PERSONAL NAME
Personal name McBratney, Sam.
240 10 - UNIFORM TITLE
Uniform title <a href="Guess how much I love you.">Guess how much I love you.</a>
Language of a work Spanish.
245 10 - TITLE STATEMENT
Title Adivina cuanto te quiero /
Statement of responsibility, etc. escrito por Sam McBratney ; ilustrado por Anita Jeram ; [traduccion, Esther Rubio-Teresa Mlawer]
260 ## - PUBLICATION, DISTRIBUTION, ETC. (IMPRINT)
Place of publication, distribution, etc. Barcelona :
Name of publisher, distributor, etc. Kókinos,
Date of publication, distribution, etc. c1994, 2016
300 ## - PHYSICAL DESCRIPTION
Extent 1 v. (unpaged) :
Other physical details col. ill. ;
Dimensions 25 cm.
520 ## - SUMMARY, ETC.
Summary, etc. During a bedtime game, every time Little Nutbrown Hare (Caramelo) demonstrates how much he loves his father, Big Nutbrown Hare (Papa Liebre) gently shows him that the love is returned even more.
650 #1 - SUBJECT ADDED ENTRY--TOPICAL TERM
Topical term or geographic name as entry element Hares
Form subdivision Fiction.
650 #1 - SUBJECT ADDED ENTRY--TOPICAL TERM
Topical term or geographic name as entry element Fathers and sons
Form subdivision Fiction.
650 #1 - SUBJECT ADDED ENTRY--TOPICAL TERM
Topical term or geographic name as entry element Bedtime
Form subdivision Fiction.
650 #1 - SUBJECT ADDED ENTRY--TOPICAL TERM
Topical term or geographic name as entry element Spanish language materials.
650 #1 - SUBJECT ADDED ENTRY--TOPICAL TERM
Topical term or geographic name as entry element Love stories.
700 1# - ADDED ENTRY--PERSONAL NAME
Personal name Jeram, Anita,
Relator term ill.
942 ## - ADDED ENTRY ELEMENTS (KOHA)
Koha item type Libro/Book
Holdings
Withdrawn status Lost status Damaged status Not for loan Home library Current library Shelving location Date acquired Total Checkouts Full call number Barcode Date last seen Date checked out Price effective from Koha item type Source of classification or shelving scheme Checked out
        San Juan Del Sur -- Biblioteca San Juan Del Sur -- Biblioteca Children's Area 18/08/2016 5 CAJA ESPANOL 30024205 04/12/2018 05/11/2018 18/08/2016 Libro/Book    
        San Juan Del Sur -- Mobile San Juan Del Sur -- Biblioteca   04/03/2024 1   33016138 12/03/2024 12/03/2024 04/03/2024 Libro/Book   16/04/2024
      In Process San Juan Del Sur -- Biblioteca San Juan Del Sur -- Mobile   18/08/2016       18/08/2016   18/08/2016 Libro/Book Dewey Decimal Classification  
        Sevadilla -- Satellite Sevadilla   13/06/2017 2   35400845 03/06/2024 28/06/2023 13/06/2017 Libro/Book Dewey Decimal Classification  

Powered by Koha